|
|
|
|
| LEADER |
00713cam a2200217 7i4500 |
| 001 |
0000028098 |
| 005 |
20091005090000.0 |
| 008 |
091005 bm |
| 020 |
|
|
|a 9789839395754 (hbk.)
|
| 040 |
|
|
|a UKM
|
| 090 |
0 |
0 |
|a BP50
|b .L38 2008
|
| 245 |
0 |
0 |
|a Lautan maha kasih dalam kisah
|c H.Zainal Arifin, H. Abu Ezzat Al-Mubarak.
|
| 260 |
|
|
|a Kuala Lumpur:
|b Pustaka Jiwa,
|c 2008.
|
| 300 |
|
|
|a vii, 686 p.;
|c 26 cm.
|
| 500 |
|
|
|a Mengandungi ayat-ayat Al-Quran
|
| 650 |
0 |
0 |
|a History (Islamic theology)
|
| 650 |
0 |
0 |
|a Islam --
|x History
|
| 650 |
0 |
0 |
|a Islam --
|x Doctrines
|
| 700 |
0 |
|
|a H.Zainal Arifin
|
| 700 |
0 |
|
|a H. Abu Ezzat Al-Mubarak
|
| 999 |
|
|
|a 0000034633
|b BOK
|c OPEN SHELF
|e 1st Floor, Bestari Jaya
|